| 000 | 00515nam a22001817a 4500 | ||
|---|---|---|---|
| 003 | OSt | ||
| 082 |
_a664 _bAPA/DE |
||
| 088 | _aP 611 | ||
| 100 |
_aAparna N _96204 |
||
| 245 | _aDevelopment and evaluation of potato waste based biodegradable film for food packaging / | ||
| 260 |
_aTavanur : _bDepartment of Processing & Food Engineering, _c2024. |
||
| 300 | _ap. | ||
| 700 |
_aFahmidha _96205 |
||
| 700 |
_aArjun Menon C _96206 |
||
| 700 |
_aFathima Nasrin P _96207 |
||
| 700 | _aRajesh G K (Guide) | ||
| 942 | _cPR | ||
| 999 |
_c18089 _d18089 |
||